000 00417nmm a2200145Ia 4500
008 251105s9999||||xx |||||||||||||||||und||
041 _aspa
100 _aPerinat Maceres, Adolfo
245 0 _aLa primera infancia
264 _a[Madrid, España] :
_bUniversitat Oberta de Catalunya,
_c2015
300 _a136 páginas
650 _aFamily
856 _uhttps://public.digitaliapublishing.com/a/43995
942 _cCF
999 _c105747
_d105747